000 00746nam a22002297a 4500
999 _c21679
_d21679
003 AR-CdUCM
008 190222b ||||| |||| 00| 0 spa d
040 _aMUNICIPALIDAD PROVINCIAL DEL CUSCO
_cBIBLIOTECA MUNICIPAL DEL CUSCO
082 _a985.613/V21H
_bV21H
100 _aValenzuela Lovón, Armando
_91192
245 _aHistoria de Quiquijana /
_cArmando Valenzuela Lovón
260 _aCusco :
_bs/n,
_c2020.
300 _a108 páginas ;
_c20 cm.
_eIlustraciones, fotografías.
505 _a
650 _aHistoria regional
_98020
650 _aHistoria local
_929761
650 _aDistrito Quiquijana
_945769
650 _aProvincia de Quispicanchis
_945770
650 _aCusco Perú
_945771
942 _2ddc
_cLIBROS
945 _arac